Sports Quiz

Random Sports or Football Quiz

Yankees 2011 lineup Quiz Stats

 Plays Quiz not verified by Sporcle

Score 0/9 Timer 03:00
0 Plays Today
Team Team % Correct
yankees granderson
100%
yankees jeter
96.4%
yankees cano
92.9%
yankees swisher
92.9%
yankees martin
92.9%
yankees teixeira
89.3%
yankees rodriguez
89.3%
yankees posada
85.7%
yankees gardner
85.7%

You're not logged in!

Compare scores with friends on all Sporcle quizzes.
OR
Log In

Show Comments

Extras

Created Jun 24, 2011ReportNominate
Tags:Football Quiz, 2011, lineup, team

Top Quizzes Today


Score Distribution

Your Account Isn't Verified!

In order to create a playlist on Sporcle, you need to verify the email address you used during registration. Go to your Sporcle Settings to finish the process.

Report this User

Report this user for behavior that violates our Community Guidelines.

Details: